Bernd et hilla becher / (Record no. 960)

MARC details
000 -LEADER
campo de control de longitud fija 00921nam a22002657a 4500
008 - DATOS DE LONGITUD FIJA--INFORMACIÓN GENERAL
campo de control de longitud fija 160611s2005 fr||||| |||| 00| 0 fre d
020 ## - NÚMERO INTERNACIONAL ESTÁNDAR DEL LIBRO
Número Internacional Estándar del Libro 9788244262493
082 04 - NÚMERO DE LA CLASIFICACIÓN DECIMAL DEWEY
Número de clasificación 778.71
Número de ítem B391b
100 1# - ENTRADA PRINCIPAL--NOMBRE DE PERSONA
Nombre de persona Camus-Buisson, Francoise.
9 (RLIN) 5215
110 1# - ENTRADA PRINCIPAL--NOMBRE DE ENTIDAD CORPORATIVA
Nombre de entidad corporativa o nombre de jurisdicción como elemento de entrada Centro Pompidou.
9 (RLIN) 5216
245 10 - MENCIÓN DEL TÍTULO
Título Bernd et hilla becher /
Mención de responsabilidad, etc. editado por Francoise Camus-Buisson ; comisario Armin Zweite y Quentin Bajac.
250 ## - MENCION DE EDICION
Mención de edición 1a ed.
260 ## - PUBLICACIÓN, DISTRIBUCIÓN, ETC.
Lugar de publicación, distribución, etc. París, Francia :
Nombre del editor, distribuidor, etc. Centre National D´Art et de Culture Georges Pompidou,
Fecha de publicación, distribución, etc. 2005.
300 ## - DESCRIPCIÓN FÍSICA
Extensión 95 p.
Otras características físicas il. col.
600 10 - PUNTO DE ACCESO ADICIONAL DE MATERIA--NOMBRE DE PERSONA
Nombre de persona Becher, Bernd
Fechas asociadas al nombre 1937-2007.
9 (RLIN) 5217
600 10 - PUNTO DE ACCESO ADICIONAL DE MATERIA--NOMBRE DE PERSONA
Nombre de persona Becher, Hilla.
Fechas asociadas al nombre 1934--
9 (RLIN) 5218
610 10 - PUNTO DE ACCESO ADICIONAL DE MATERIA--NOMBRE DE ENTIDAD CORPORATIVA
Nombre de entidad corporativa o nombre de jurisdicción como elemento de entrada Centre Pompidou.
9 (RLIN) 5219
653 10 - TÉRMINO DE INDIZACIÓN--NO CONTROLADO
Término no controlado Exhibiciones
653 10 - TÉRMINO DE INDIZACIÓN--NO CONTROLADO
Término no controlado Catálogo de exhibición
653 10 - TÉRMINO DE INDIZACIÓN--NO CONTROLADO
Término no controlado Arte moderno
653 10 - TÉRMINO DE INDIZACIÓN--NO CONTROLADO
Término no controlado Fotografía
653 10 - TÉRMINO DE INDIZACIÓN--NO CONTROLADO
Término no controlado Arte contemporáneo
700 1# - ENTRADA AGREGADA--NOMBRE PERSONAL
Nombre de persona Zweite, Armin.
Término indicativo de función/relación comisario.
9 (RLIN) 5220
700 1# - ENTRADA AGREGADA--NOMBRE PERSONAL
Nombre de persona Bajac, Quentin.
Término indicativo de función/relación comisario.
9 (RLIN) 5221
Holdings
Estatus retirado Estado de pérdida Fuente del sistema de clasificación o colocación Estado de daño No para préstamo Biblioteca de origen Biblioteca actual Ubicación en estantería Fecha de adquisición Total de préstamos Signatura topográfica completa Código de barras Visto por última vez Precio de reemplazo Tipo de ítem Koha
    Clasificación Decimal Dewey     Biblioteca LadoV Biblioteca LadoV   11/06/2016   778.71 B391b 000607 11/06/2016 11/06/2016 Material 01